[Event "Foment Martinenc op-C 21st"]
[Site "Barcelona"]
[Date "2019.05.11"]
[Round "3"]
[White "Garreta Quinquilla, Aleix"]
[Black "Torralbo Coromina, Roger"]
[Result "1/2-1/2"]
[WhiteElo "1454"]
[BlackElo "1634"]
[PlyCount "85"]
[EventDate "2019.04.27"]
[EventType "swiss"]
[EventRounds "9"]
[EventCountry "ESP"]
[SourceTitle "EXT 2020"]
[Source "ChessBase"]
[SourceDate "2019.10.17"]
[SourceVersion "1"]
[SourceVersionDate "2019.10.17"]
[SourceQuality "1"]

1. e4 e5 2. Nf3 Nc6 3. Bb5 a6 4. Ba4 Nf6 5. Nc3 b5 6. Bb3 d6 7. h3 Na5 8. 0-0 Nxb3 9. axb3 Be7 10. d3 0-0 11. Nxb5 c6 12. Nc3 Qc7 13. Re1 d5 14. exd5 cxd5 15. Nxe5 Bd6 16. Bf4 Re8 17. d4 Bb4 18. Nd3 Rxe1+ 19. Qxe1 Bxc3 20. bxc3 Qb6 21. Qe2 Bf5 22. Re1 Bxd3 23. Qxd3 h6 24. Be5 Re8 25. Re3 g5 26. Bxf6 Rxe3 27. Qxe3 Qxf6 28. Qe8+ Kh7 29. b4 Qf4 30. Qe1 Qf6 31. Qe5 Qc6 32. Qf5+ Kg7 33. Qe5+ Kh7 34. Qe3 Qf6 35. Qd3+ Kg8 36. c4 dxc4 37. Qxc4 Qe7 38. c3 Qe1+ 39. Kh2 Qxf2 40. Qxa6 Qf4+ 41. Kg1 Qe3+ 42. Kh2 Qf4+ 43. Kh1 1/2-1/2

[Event "Foment Martinenc op-C 20th"]
[Site "Barcelona"]
[Date "2018.05.12"]
[Round "4"]
[White "Vargas Rodriguez, Gabriel"]
[Black "Torralbo Coromina, Roger"]
[Result "1-0"]
[WhiteElo "1747"]
[BlackElo "1650"]
[PlyCount "87"]
[EventDate "2018.04.21"]
[EventType "swiss"]
[EventRounds "9"]
[EventCountry "ESP"]
[SourceTitle "CBM 184 Extra"]
[Source "ChessBase"]
[SourceDate "2018.06.28"]
[SourceVersion "1"]
[SourceVersionDate "2018.06.28"]
[SourceQuality "1"]

1. e4 e5 2. Nf3 Nc6 3. Bb5 a6 4. Ba4 Nf6 5. 0-0 Nxe4 6. d4 b5 7. Bb3 d5 8. dxe5 Be6 9. Be3 Na5 10. Nbd2 Nxb3 11. axb3 Be7 12. Nxe4 dxe4 13. Qxd8+ Rxd8 14. Nd4 Bc8 15. Nc6 Rd7 16. Nb8 Rd8 17. Nxa6 Bxa6 18. Rxa6 0-0 19. Ra7 Rd7 20. Bb6 Rc8 21. Re1 Bb4 22. Rea1 g6 23. c3 Be7 24. Bd4 Rcd8 25. b4 Bxb4 26. Rb7 Bc5 27. Rxb5 Bxd4 28. cxd4 Rxd4 29. Re1 Rd1 30. Kf1 R1d5 31. Rxd5 Rxd5 32. Rxe4 c5 33. Ke2 Kg7 34. f4 f5 35. Re3 Kf7 36. Rd3 Ke6 37. Rxd5 Kxd5 38. Kd3 h6 39. b3 g5 40. g3 g4 41. Kc3 h5 42. Kd3 Kc6 43. Kc4 Kb6 44. Kd5 1-0